Countries that Start with T - Map Quiz - Statistics

General Stats
  • This quiz has been taken 98 times
  • The average score is 10 of 11
Answers on the Map
Answers color-coded by a green-red scale on the quiz's map according to % correct below.
 
Answer Stats
Country % Correct
Thailand
100%
Turkey
98%
Turkmenistan
98%
Trinidad and Tobago
95%
Tajikistan
94%
Togo
93%
Tunisia
93%
Taiwan
92%
Tanzania
92%
Tonga
86%
Tuvalu
86%
No matching quizzes found
Score Distribution
Percent of People with Each Score
Percentile by Number Answered
Your Score History
You have not taken this quiz